000 01747cam a2200421 a 4500
001 15872465
003 OSt
005 20180116183104.0
008 090818s2010 vaua bf 001 0 eng d
010 _a 2009935136
015 _aGBB084879
_2bnb
016 7 _a015601577
_2Uk
020 _z1562867164
020 _a9781562867164
035 _a(OCoLC)ocn681756213
040 _aPGN
_cPGN
_dUKM
_dYDXCP
_dVP@
_dLML
_dBPJ
_dUMS
_dDLC
042 _alccopycat
050 0 0 _aHD57.7
_b.A79 2010
082 0 4 _a658.4092
_222
100 _aElaine Biech.(editor)
245 0 4 _aThe ASTD leadership handbook .
_cElaine Biech, editor.
246 3 0 _aLeadership handbook
250 _a1st.
260 _aNew Delhi.
_bASTD Press ;
_aSan Francisco :Viva Books.
_bBerrett-Koehler Publishers,
_c2015.
300 _axii, 488 p. :
_bill. ;
_c24 cm.
490 1 _aA BK business book
500 _aPaper Cover.
504 _aIncludes bibliographical references and index.
520 _aThe ASTD Leadership Handbook is a compilation of insights, ideas, and tools that will enable individuals, teams, and organizations to develop their leadership capabilities. Topic areas covered in the book are leadership competencies, leadership development, attributes of successful leaders, contemporary leadership challenges, and broadening the leadership discussion.
650 0 _aLeadership
_vHandbooks, manuals, etc.
700 1 _aBiech, Elaine.
710 2 _aAmerican Society for Training and Development.
830 0 _aBK business book.
906 _a7
_bcbc
_ccopycat
_d2
_eepcn
_f20
_gy-gencatlg
942 _2ddc
_cBK
_k658.4092
999 _c351979
_d351979